Catálogo
 En Linea

Saggi e ricerche sulle culture extraeuropee : (Registro nro. 35315)

Detalles MARC
000 -CABECERA
campo de control de longitud fija 00894nam a2200229 a 4500
001 - NÚMERO DE CONTROL
campo de control 000035824
005 - FECHA Y HORA DE LA ÚLTIMA TRANSACCIÓN
campo de control 20200930074636.0
008 - DATOS DE LONGITUD FIJA--INFORMACIÓN GENERAL
campo de control de longitud fija 111115s1995 it 000 0 ita d
040 ## - FUENTE DE LA CATALOGACIÓN
Centro catalogador/agencia de origen DO-SdBNP
Lengua de catalogación spa
Centro/agencia transcriptor BNPHU
082 ## - NÚMERO DE LA CLASIFICACIÓN DECIMAL DEWEY
Número de clasificación xxxx
Número de documento/Ítem B444s
100 1# - ENTRADA PRINCIPAL--NOMBRE DE PERSONA
Nombre de persona Bellini, Giuseppe
9 (RLIN) 13859
245 10 - MENCIÓN DE TÍTULO
Título Saggi e ricerche sulle culture extraeuropee :
Resto del título atti del convegno di amalfi 30 settembre - 1 ottobre 1994 /
Mención de responsabilidad, etc. G. Bellini, C. Gorlier, S. Zoppi.
260 ## - PUBLICACIÓN, DISTRIBUCIÓN, ETC.
Lugar de publicación, distribución, etc. Roma :
Nombre del editor, distribuidor, etc. Bulzoni,
Fecha de publicación, distribución, etc. 1995.
300 ## - DESCRIPCIÓN FÍSICA
Extensión 252 p. ;
Dimensiones 24 cm.
490 1# - MENCIÓN DE SERIE
Mención de serie Africa - América - Asia - Australia
Designación de volumen o secuencia 18
500 ## - NOTA GENERAL
Nota general Incluye referencias bibliográficas y notas al pie de las páginas.
590 ## - NOTA LOCAL (RLIN)
Nota local Perteneció a la biblioteca personal de Juan Isidro Jimenes Grullón
590 ## - NOTA LOCAL (RLIN)
Nota local Inventariado, 2019 /LP.
700 1# - PUNTO DE ACCESO ADICIONAL--NOMBRE DE PERSONA
Nombre de persona Gorlier, C.
9 (RLIN) 61786
700 1# - PUNTO DE ACCESO ADICIONAL--NOMBRE DE PERSONA
Nombre de persona Zoppi, S.
9 (RLIN) 61787
830 #0 - PUNTO DE ACCESO ADICIONAL DE SERIE-TÍTULO UNIFORME
Título uniforme Africa - América - Asia - Australia
Designación de volumen o secuencia 18
9 (RLIN) 61788
Existencias
Estado de retiro Estado de pérdida Restricciones de uso No para préstamo Código de colección Localización permanente Ubicación/localización actual Ubicación en estantería Fecha de adquisición Número de inventario Total de préstamos Signatura topográfica completa Código de barras Fecha visto por última vez Precio válido a partir de Tipo de ítem Koha Nota pública
      Excluido de préstamo Monografías: Libros y Folletos General General Depósito 15.11.2011 LF1   xxxx B444s 35824-10 25.06.2020 25.06.2020 No se presta Perteneció a la biblioteca personal de Juan Isidro Jimenes Grullón.

Con tecnología Koha